Statistics for Generator Dash #40

Click here to take the quiz!

General Stats

  • This quiz has been taken 51 times
  • The average score is 8 of 11

Answer Stats

Hint Answer % Correct
Cigar nationality? (5)Cuban
98%
C, elementally speaking (6)Carbon
95%
Pigment-deficient animal, eg. (6)Albino
91%
Actor Kevin (5)Bacon
84%
British political party (6)Labour
80%
Zodiac sign (5)Libra
77%
Word that follows Sauvignon (5)Blanc
75%
Reindeer's kin (7)Caribou
61%
River crossed by Ceasar (7)Rubicon
59%
Interment (6)Burial
36%
9-Letter WordBINOCULAR
20%

Score Distribution

Percentile by Number Answered

Percent of People with Each Score

Your Score History

You have not taken this quiz